00602cam a2200193 a 4500008004100000020002300041245009200064250001200156260005200168300005100220500002000271650001800291650002900309650001800338700002500356003000100381005001700382040000900399  a0073048763 (pbk. )00aChemistry in context :bapplying chemistry to society /cLucy Pryde Eubanks... [et al.] a6th ed. aBoston :bMcGraw-Hill Higher Education,cc2009. axix, 586 p. :bcol. ill. + col. maps ;c28 cm. aIncludes index. 0aBiochemistry. 0aEnvironmental chemistry. 0aGeochemistry.1 aEubanks, Lucy Pryde.20230123125217.0 cNUST